000 00462pab a2200181 454500
008 180718b2009 xxu||||| |||| 00| 0 eng d
100 _aSomanathan, E.
245 _aClimate change: challenges facing India's poor
260 _c2009
300 _ap.51-58.
362 _a1 Aug
650 _aClimatic change - India
650 _aClimatic change
700 _aSomanathan, Rohini
773 _aEconomic and Political Weekly
908 _aN
909 _a83323
999 _c83323
_d83323